000 00394nam a2200157Ia 4500
003 Ost
005 20260225132554.0
008 260225s9999||||xx |||||||||||||| ||und||
040 _cfsic
041 _afre
082 _a440
100 _aAubrée Christine
_eAuteur
245 0 _aBien choisir sa formation en communication ou en journalisme /
245 0 _cAubrée Christine
942 _cكتاب
999 _c34338
_d34338